| 000 | 00551nam a22001937a 4500 | ||
|---|---|---|---|
| 005 | 20140310183644.0 | ||
| 008 | 131221b xxu||||| |||| 00| 0 eng d | ||
| 020 | _a9780240812939 | ||
| 050 |
_aPN 1992.75 _b.C982 2011 |
||
| 100 | _aCury, Ivan. | ||
| 245 |
_aDirecting and producing for television : _ba format approach / _cIvan Cury. |
||
| 250 | _a4th ed. | ||
| 260 |
_aNew York : _bElsevier, _c2011. |
||
| 300 |
_axii, 300 p. : _bill. ; _c28 cm. |
||
| 504 | _aIncludes Index. | ||
| 521 | _aMC | ||
| 942 |
_2lcc _cBK _kFOR |
||
| 999 |
_c25889 _d25889 |
||